header

Gibbs measures on Cayley trees (Record no. 150174)

MARC details
000 -LEADER
fixed length control field 01232nam a2200313 a 4500
082 04 - DEWEY DECIMAL CLASSIFICATION NUMBER
Classification number 519.2
100 1# - MAIN ENTRY--AUTHOR NAME
Personal name Rozikov, Utkir A.,
245 10 - TITLE STATEMENT
Title Gibbs measures on Cayley trees
260 ## - PUBLICATION, DISTRIBUTION, ETC. (IMPRINT)
Place of publication Singapore ;
-- Hackensack, N.J. :
Name of publisher World Scientific,
Year of publication 2013.
300 ## - PHYSICAL DESCRIPTION
Number of Pages xviii, 385 p. :
Other physical details ill.
650 #0 - SUBJECT ADDED ENTRY--TOPICAL TERM
Topical Term Probability measures.
Topical Term Distribution (Probability theory)
856 40 - ELECTRONIC LOCATION AND ACCESS
Uniform Resource Identifier http://site.ebrary.com/lib/rucke/Doc?id=10742821

No items available.

© 2026 Rongo University
Contact us: librarian | system librarian | Rongo university